000
00201 a2200097 4500
001
8645
100
_a
Jamil Ahmad
245
_a
Hundred Great Muslims
260
_a
_b
Ferozsons
_c
090
_c
6964
_d
6964
942
_a
NUST-CAE
_c
M
_c
33560
999
_c
243718
_d
243718